June Lyrics (Florence + the Machine) - Statistics

General Stats
  • This quiz has been taken 103 times
    74 since last reset
  • The average score is 195 of 228
Answer Stats
Answer % Correct
an
100%
and
100%
I
100%
in
100%
The
100%
the
100%
to
100%
you
100%
your
100%
be
98%
see
98%
so
98%
can
96%
I'm
96%
June
96%
you're
96%
when
94%
angel
92%
have
92%
high
92%
love
92%
of
92%
up
92%
was
90%
heavy
88%
on
88%
show
88%
sky
88%
days
86%
ending
86%
start
86%
those
86%
act
84%
Chicago
84%
became
82%
black
82%
defiance
82%
each
82%
hear
82%
it
82%
other
82%
turned
82%
woke
82%
had
80%
hold
80%
started
80%
giants
78%
like
78%
crack
75%
left
75%
skyscrapers
75%
chest
73%
look
73%
nothing
73%
beating
71%
heart
71%
there's
71%
great
69%
my
69%
unblinking
69%
world
69%
always
67%
felt
67%
too
65%
were
65%
hotel
59%
lose
57%
room
57%
television
57%
til
57%
you'd
57%
come
55%
held
55%
loosely
55%
really
55%
this
55%
admit
53%
but
53%
down
53%
with
53%
beginning
51%
screen
51%
time
51%
would
51%
watch
49%
choirs
47%
slip
47%
streets
47%
broken
45%
hearted
43%
slows
39%
hide
37%
sang
35%
will
12%
No matching quizzes found
Score Distribution
Percent of People with Each Score
Percentile by Number Answered
Your Score History
You have not taken this quiz since the last reset